La escuela productiva (Registro nro. 4452)

Detalles MARC
000 -CABECERA
Longitud fija campo de control 00895nam a2200265Ia 4500
005 - • FECHA Y HORA DE LA ÚLTIMA TRANSACCIÓN
Fecha y hora de la última transacción 20220317000558.0
008 - • CÓDIGOS DE INFORMACIÓN DE LONGITUD FIJA
Códigos de información de longitud fija 160601s1994 ag a 000 0 spa
020 ## - • NÚMERO INTERNACIONAL NORMALIZADO PARA LIBROS
Número Internacional Normalizado para Libros (ISBN) 9501261042
082 04 - • NÚMERO DE LA CLASIFICACIÓN DECIMAL DEWEY
Número de clasificación (R) 371.82624
Número del ítem M17e
040 ## - FUENTE DE LA CATALOGACIÓN
Centro catalogador de origen CO-BoRNBP
Lengua de catalogación spa
Normas de descripción rda
Centro transcriptor CO-BoRNBP
100 1# - • PUNTO DE ACCESO PRINCIPAL-NOMBRE DE PERSONA
Nombre de persona Martínez Guarino, Ramón
245 13 - • TITULO PROPIAMENTE DICHO
Título La escuela productiva
Resto del título utopía y realidad
Mención de responsabilidad, etc. Ramón Martínez Guarino
250 ## - • MENCIÓN DE EDICIÓN
Mención de edición 1a. edición
Resto de la mención de edición 1a. reimpresión
264 ## - PRODUCCIÓN, PUBLICACIÓN , DISTRIBUCIÓN, FABRICACIÓN Y COPYRIGHT
Lugar de producción, publicación, distribución, fabricación Buenos Aires
Nombre del productor, editor, distribuidor, fabricante Paidós
Fecha de de producción, publicación, distribución, fabricación o copyright 1994
300 ## - • DESCRIPCIÓN FÍSICA
Extensión 182 páginas
Otras características físicas ilustraciones
Dimensiones 22 cm
336 ## - TIPO DE CONTENIDO
Término de tipo de contenido texto
Código de tipo de contenido txt
Fuente rdacontent
337 ## - TIPO DE MEDIO
Nombre del tipo de medio sin mediación
Código del tipo de medio n
Fuente rdamedia
338 ## - TIPO DE SOPORTE
Nombre del tipo de soporte volumen
Código del tipo de soporte nc
Fuente rdacarrier
490 ## - • MENCIÓN DE SERIE
Mención de serie Cuestiones de educación
504 ## - • NOTA DE BIBLIOGRAFÍA, ETC
Nota de bibliografía, etc. Incluye bibliografía
650 14 - • PUNTO DE ACCESO ADICIONAL DE MATERIA - TÉRMINO DE MATERIA
Fuente del encabezamiento o término LEMB
Término de materia o nombre geográfico como elemento inicial Educación
Subdivisión de materia general Aspectos sacioculturales
650 14 - • PUNTO DE ACCESO ADICIONAL DE MATERIA - TÉRMINO DE MATERIA
Fuente del encabezamiento o término LEMB
Término de materia o nombre geográfico como elemento inicial Educación
Subdivisión de materia general Planificacion
650 14 - • PUNTO DE ACCESO ADICIONAL DE MATERIA - TÉRMINO DE MATERIA
Fuente del encabezamiento o término LEMB
Término de materia o nombre geográfico como elemento inicial Trabajo y educacion
942 ## - ENTRADA DE ELEMENTOS AGREGADOS (KOHA)
Fuente de clasificaión o esquema Dewey Decimal Classification
Koha [por defecto] tipo de item LIbro
Existencias
Perdido Fuente de clasificación o esquema Estado Físico No para préstamo Localización permanente Localización actual Localización en estanterías Fecha adquisición Signatura completa Código de barras Fecha última consulta Número de copia Fecha del precio de reemplazo Tipo de item de Koha Forma de adquisición Préstamos totales
  Dewey Decimal Classification     Biblioteca Pública Mapiripan Biblioteca Pública Mapiripan General 11/08/2023 371.82624 M17e MAP0000485 11/08/2023 Ej.1 11/08/2023 LIbro Colección General  
  Clasificación Local Facetada     Biblioteca Pública Puerto Concordia Biblioteca Pública Puerto Concordia General 02/09/2026 371.82624 M17e PCON00869 02/09/2026 Ej.1 02/09/2026 LIbro Colección General  
  Dewey Decimal Classification     Biblioteca Pública Puerto Rico Biblioteca Pública Puerto Rico General 12/06/2022 371.82624 M17e PR0000085 12/06/2022 Ej.1 12/06/2022 LIbro    
  Dewey Decimal Classification     Biblioteca Pública Uribe - Reinerio Arenas Biblioteca Pública Uribe - Reinerio Arenas General 07/23/2024 371.82624 M17e URI00545 07/23/2024 Ej.1 07/23/2024 LIbro Colección General  









Instituto Departamental de Cultura del Meta - Red Departamental de Bibliotecas Públicas del Meta.